| 000 | 01231nam a2200313 a 4500 | ||
|---|---|---|---|
| 999 |
_c7511 _d7511 |
||
| 001 | 991006070089706706 | ||
| 003 | OSt | ||
| 005 | 20211209123450.0 | ||
| 008 | 990701s1966 sp a 0 0 0dspa c | ||
| 017 |
_aDL M. 11316-1966 _bOficina Depósito Legal Madrid |
||
| 035 | _a(ES-BaCBU)b58884464-34csuc_network | ||
| 035 | _a(ES-BaCBU).b58884464 | ||
| 035 | _a(ccuc001)b58884464 | ||
| 040 |
_aES-BaCBU _bcat _cCDMR |
||
| 100 | 0 | _aTono, | |
| 245 | 1 | 0 |
_aMemorias de mí : _b(novela) / _cTono ; con la instalación de un botafumeiro, a manera de prólogo... por Camilo José Cela ; 4 apéndices... con música de apoteosis... y... letra de Melchor Fernández Almagro, Miguel Mihura, Tono y Rafael Florez |
| 260 |
_aMadrid : _bBiblioteca Nueva, _c1966 |
||
| 300 |
_a390 p. : _bil. ; _c19 cm |
||
| 490 | 0 |
_aColección de Grandes Novelas Humorísticas. Segunda época _v1 |
|
| 700 | 1 | _aFlórez, Rafael | |
| 700 | 1 | _aMihura, Miguel, | |
| 700 | 1 | _aFernández Almagro, Melchor | |
| 700 | 1 |
_aCela, Camilo José _91298 |
|
| 830 | 0 |
_aGrandes novelas humorísticas (Biblioteca nueva) ; _v1 |
|
| 907 |
_a.b58884464 _b09-05-17 _c13-03-14 _d13-03-14 _em _fa _g- _hspa _isp _j0 _k0 |
||
| 908 | _aBMVB | ||
| 940 |
_aBNE _dBMVB |
||
| 942 |
_2udc _cMON |
||